| 000 | 00577cam a2200205ua 4500 | ||
|---|---|---|---|
| 001 | 2349 | ||
| 008 | 110805n ii |||gr||||Z||||||asm | ||
| 040 | _cMAIN | ||
| 082 | _a370.1 | ||
| 100 | 1 |
_aDeka, kandarpa Kr., _eAuthor. |
|
| 245 | 1 |
_aAdunik shiksha tattva aru shikshaniti _cby Kandarpa Kr. Deka |
|
| 250 | _a3rd. | ||
| 260 |
_aGuahati: _bAssam Book Depot, _c2006. |
||
| 300 |
_a448: _c23cm. |
||
| 653 | _aEducation | ||
| 653 | _aAdunik shiksha tattva aru shikshaniti | ||
| 700 |
_aSharma, Mukunda, _eAuthor. |
||
| 700 |
_aChakravarty, Abha Mishra, _eAuthor. |
||
| 942 | _cBK | ||
| 999 |
_c2207 _d2207 |
||